Dokumentumok. A Sapientia Alapitvany palyazati felhivasa. (Concursul Fundatiei "Sapientia"). [Call for proposal of the sapientia Foundation.]

Elmentve itt :
Bibliográfiai részletek
Adatforrás:Meister
Forrásdokumentuma:Magyar Kisebbség. -
2000. 2, 164-169.
Nyelv:magyar
Kulcsszavak:dokumentumok
intézménytörtenet
Sapientia Alapítvány
egyetem (magyar, romániai)
documente
istoria institutiilor
Fundatia "Sapientia"
universitate maghiara (Romania)
documents
history of institutions
Sapientia Foundation
university (Hungarian Romania)
LEADER 00808nab a2200241 i 4500
001 bibPRO00010549
008 080908s2000 xx hun
040 |a Sz1 
041 |a hun 
245 0 0 |a Dokumentumok. A Sapientia Alapitvany palyazati felhivasa. (Concursul Fundatiei "Sapientia"). [Call for proposal of the sapientia Foundation.] 
695 |a dokumentumok 
695 |a intézménytörtenet 
695 |a Sapientia Alapítvány 
695 |a egyetem (magyar, romániai) 
695 |a documente 
695 |a istoria institutiilor 
695 |a Fundatia "Sapientia" 
695 |a universitate maghiara (Romania) 
695 |a documents 
695 |a history of institutions 
695 |a Sapientia Foundation 
695 |a university (Hungarian Romania) 
773 0 |t Magyar Kisebbség. -  |g 2000. 2, 164-169.